Normal view
MARC view
- سيكولوجية الفن-فلسفة الفن
Entry Topical Term
001 - CONTROL NUMBER
- control field: 13977
003 - CONTROL NUMBER IDENTIFIER
- control field: JO-AjAnu
005 - DATE AND TIME OF LATEST TRANSACTION
- control field: 20230606072532.0
008 - FIXED-LENGTH DATA ELEMENTS
- fixed length control field: 230606|| aca||aabn | a|a d
040 ## - CATALOGING SOURCE
- Original cataloging agency: JO-AjAnu
- Transcribing agency: JO-AjAnu
150 ## - HEADING--TOPICAL TERM
- Topical term or geographic name entry element: سيكولوجية الفن-فلسفة الفن
670 ## - SOURCE DATA FOUND
- Source citation: Work cat.: (JO-AjAnu)7185: ريد،هربرت تأليف/فتحي ،محمد مترجم/ عبده، جرجس مترجم, author 13976, الفن اليوم:مدخل الى نظرية التصوير والنحت للمعاصرين